|
|
|
|
| LEADER |
00000nam#a22000001a#4500 |
| 001 |
00002404 |
| 003 |
AR-BaUAD |
| 005 |
20230908140835.0 |
| 008 |
940714s1944####ag#abe|##||||||||#||spa|d |
| 040 |
|
|
|a AR-BaUAD
|b spa
|c AR-BaUAD
|
| 041 |
|
|
|a spa
|
| 044 |
|
|
|c ar
|2 ISO3166-1
|
| 100 |
1 |
|
|a Sallovitz, Manuel
|
| 245 |
1 |
0 |
|a Tratado de ingeniería sanitaria ..
|
| 250 |
|
|
|a 4a ed
|
| 260 |
|
|
|a Buenos Aires :
|b El Ateneo,
|c 1944
|
| 300 |
|
|
|a 450 p., láms. :
|b il., diagrs., mapas (1 pleg.), planos (1 adj. col.), tablas
|
| 504 |
|
|
|a Bibliografía: p. 439-41.
|
| 653 |
|
|
|a INSTALACIONES
|
| 653 |
|
|
|a INSTALACIONES SANITARIAS
|
| 655 |
|
|
|a TEXTO
|
| 852 |
|
|
|c 8-3
|
| 952 |
|
|
|0 0
|1 0
|4 0
|6 83
|7 0
|9 16432
|a AR-BaUAD
|b AR-BaUAD
|d 0000-00-00
|e compra Ateneo
|i 2404
|l 0
|o 8-3
|p 49ycx2404
|r 2023-09-08 14:08:35
|w 2023-09-08
|y BK
|
| 952 |
|
|
|0 0
|1 0
|4 0
|7 0
|9 16433
|a AR-BaUAD
|b AR-BaUAD
|d 2023-09-08
|i p.19-570
|l 0
|p atbo8p.19-570
|r 2023-09-08 14:08:35
|w 2023-09-08
|y BK
|
| 952 |
|
|
|0 0
|1 0
|4 0
|7 0
|9 16434
|a AR-BaUAD
|b AR-BaUAD
|d 2023-09-08
|i p.19-571
|l 0
|p xv8n6p.19-571
|r 2023-09-08 14:08:35
|w 2023-09-08
|y BK
|
| 990 |
|
|
|a Ej. No1 : 2404 . 12/7/1948 -- compra Ateneo -- (15,40 pesos).
|b ADM
|
| 990 |
|
|
|a Ej. No2 : p.19-570 .
|b ADM
|
| 990 |
|
|
|a Ej. No3 : p.19-571 .
|b ADM
|
| 990 |
|
|
|a CO194
|b TD
|
| 990 |
|
|
|a AAQ00002404
|b CC
|
| 998 |
|
|
|a AAQ
|b Bibun 76
|
| 942 |
|
|
|c BK
|
| 999 |
|
|
|c 6974
|d 6974
|